Ciencias naturales. Con esquemas explicados (cuaderno de trabajo), material didáctico complementario para el cuarto año de primaria. Anatomía, botánica, zoología, física y química

Gespeichert in:
Bibliographische Detailangaben
1. Verfasser: Rodríguez C., Carlos.
Format: Buch
Sprache:Spanisch
Erschienen: México, D. F. Editorial El Material Didáctico, S. A. [s. a.]
Katalog:MANES:  Suchergebnis im Bibliothekskatalog
Schulbuchspezifische Eigenschaften:
Tags: Tag hinzufügen
Keine Tags, Fügen Sie den ersten Tag hinzu!
Hinzugefügt zu:11.06.2019
Geändert in:19.06.2019

MARC

LEADER 00000nam a22000007a 4500
005 20190620003504.0
008 190612b xxu||||| |||| 00| 0 spa d
040 |a centro_manes  |c universidad_colima 
100 |9 16984  |a Rodríguez C., Carlos. 
245 |a Ciencias naturales. Con esquemas explicados (cuaderno de trabajo), material didáctico complementario para el cuarto año de primaria. Anatomía, botánica, zoología, física y química  
260 |a México, D. F.  |b Editorial El Material Didáctico, S. A.   |c [s. a.] 
300 |c 18 cm.  |e Ils.  |a 96 p. 
500 |a Aparece: Francisco Ziga, "Bibliografía Pedagógica. Libros de texto para enseñanza primaria: 1850-1970 VII y VIII. "Libros de Ciencias Naturales. Lecciones y Nociones de Cosas." en Boletín del Instituto de Investigaciones Bibliográficas 1981-1982, Biblioteca Nacional, Hemeroteca Nacional, Universidad Nacional Autónoma de México, Nos. 18 - 19, p. 388. 
690 0 |a CN 
691 0 |a PRI 
942 |2 ddc  |c BK 
999 |c 85461  |d 85461 
999 |c manes:85461  |d 85461